00000000cam 2200000zi 4500
0019.963130
003CaOODSP
00520260602103921
006m     o  d f      
007cr cn ||||||||
008260527t20262026qucd    ob   f000 0 eng d
020 |a9780662322511
040 |aCaOODSP|beng|erda|cCaOODSP
043 |an-cn---
0861 |aSC3-219/1-2026E-PDF
24500|aEvaluation of the Public Service Commission of Canada's support activities - phase 1.
264 1|aGatineau (Quebec) : |bPublic Service Commission of Canada = Commission de la fonction publique du Canada, |c[2026]
264 4|c©2026
300 |a1 online resource (44 pages) : |bcharts
336 |atext|btxt|2rdacontent
337 |acomputer|bc|2rdamedia
338 |aonline resource|bcr|2rdacarrier
500 |aCover title.
500 |aIssued also in French under title: Évaluation des activités de soutien de la Commission de la fonction publique du Canada.
504 |aIncludes bibliographical references.
520 |a"This report presents the results of Phase 1 of the evaluation of the Public Service Commission of Canada (PSC)’s support activities. The PSC’s support activities are provided by the Policy and Communications Sector, the Oversight and Investigations Sector and the Services and Business Development Sector to federal departments and agencies. Phase 1 used PSC data to assess the complementarity, potential synergies and agility of the PSC’s support activities in adapting to evolving recruitment, staffing and non-partisanship needs"--Executive summary, page 4.
61020|aPublic Service Commission of Canada|xEvaluation.
7102 |aPublic Service Commission of Canada, |eissuing body.
77508|tÉvaluation des activités de soutien de la Commission de la fonction publique du Canada.|w(CaOODSP)9.963131
85640|qPDF|s536 KB|uhttps://publications.gc.ca/collections/collection_2026/cfp-psc/SC3-219-1-2026-eng.pdf
8564 |qHTML|sN/A|uhttps://www.canada.ca/en/public-service-commission/services/publications/evaluation-psc-support-activities-phase-1.html